| 000 | 00428pab a2200169 454500 | ||
|---|---|---|---|
| 008 | 180718b2002 xxu||||| |||| 00| 0 eng d | ||
| 100 | _aShuanglin Lin | ||
| 245 | _aUrban economic growth in China: theory and evidence | ||
| 260 | _c2002 | ||
| 300 | _ap.2251-266. | ||
| 362 | _aNov | ||
| 650 | _aEconomic growth - China | ||
| 650 | _aEconomic growth | ||
| 700 | _aShunfeng Song | ||
| 773 | _aUrban Studies | ||
| 909 | _a54463 | ||
| 999 |
_c54463 _d54463 |
||